Religion Quiz

Random Religion or Bible Quiz

Judges in the Book of Judges Quiz Stats

Quiz not verified by Sporcle

Challenge
Share
Tweet
Embed
Score 0/12 Timer 05:00
0 Plays Today
Hint Answer % Correct
Fought against the Philistines; had issues with women; tied foxes together with fire torches for revengeSamson
88.4%
Prophetess; Fought against the CanaanitesDeborah
86%
Killed Eglon the fat king; left-handedEhud
85.3%
Fought against Midianites; put out his fleece for GodGideon
85.3%
Fought Mesopotamia; Caleb's younger brotherOthniel
82.9%
Killed 600 Philistines with an ox goadShamgar
76%
Son of Dodo; lived in Shamir in the mountains of EphraimTola
74.4%
Fought against Ammonites; son of a harlot; made a questionable vow with the LordJephthah
73.6%
A Gileadite; had 30 sons who rode on 30 donkeysJair
70.5%
A Zebulunite; judged 10 yearsElon
65.9%
Son of a Pirathonite; had 40 sons and 30 grandsons who rode on 70 donkeysAbdon
65.9%
From Bethlehem; had 30 sons and 30 daughtersIbzan
62%

You're not logged in!

Compare scores with friends on all Sporcle quizzes.
Sign Up with Email
OR
Log In

You Might Also Like...

Show Comments

Extras

Top Quizzes Today


Score Distribution

Your Account Isn't Verified!

In order to create a playlist on Sporcle, you need to verify the email address you used during registration. Go to your Sporcle Settings to finish the process.

Report this User

Report this user for behavior that violates our Community Guidelines.

Details: